000 00545nam a22002177a 4500
003 OSt
005 20140310181932.0
008 130723t xxu||||| |||| 00| 0 eng d
020 _a1853260371
050 _aPR 6005.O4
_b.C754 1993
082 _aCLA C76l
_b1993
100 _aConrad, Joseph
_92871
245 _aLord Jim /
_cJoseph Conrad
260 _aHertfordshire :
_bWordsworth Editions,
_cc1993.
300 _a261 p.
_c20 cm.
521 _a
541 _j1
562 _e1
650 _aFiction
_9746
942 _2lcc
_cBBK
_kCLA
999 _c7412
_d7412